00221nam a22000977a 4500008004100000020001500041082001800056245002300074260001700097300000900114230620b xxu||||| |||| 00| 0 eng d a189947742X a323bAFR 2002 aTribute to Courage aRwandac2002 a299p